[Event "Canadian op"]
[Site "Edmonton"]
[Date "2009.07.11"]
[Round "1.86"]
[White "Longson, Stan"]
[Black "Huang, Richard"]
[Result "0-1"]
[WhiteElo "1400"]
[BlackElo "1953"]
[PlyCount "52"]
[EventDate "2009.07.11"]
[EventType "swiss"]
[EventRounds "9"]
[EventCountry "CAN"]
[SourceTitle "EXT 2022"]
[Source "ChessBase"]
[SourceDate "2021.10.06"]
[SourceVersion "1"]
[SourceVersionDate "2021.10.06"]
[SourceQuality "1"]

1. d4 d5 2. Nf3 Nf6 3. c4 e6 4. Nc3 c6 5. Bg5 h6 6. Bf4 dxc4 7. e3 b5 8. a3 Bb7 9. Be2 Nbd7 10. 0-0 Be7 11. Qc2 0-0 12. h3 a6 13. Rfd1 Qb6 14. Ne5 c5 15. Nxd7 Nxd7 16. dxc5 Nxc5 17. e4 Nb3 18. Rab1 Bc5 19. Bf3 Rad8 20. Rxd8 Rxd8 21. Rd1 Nd4 22. Qc1 Nxf3+ 23. gxf3 Bxf2+ 24. Kf1 Rxd1+ 25. Nxd1 Bd4 26. Ne3 e5 0-1

[Event "Canadian op"]
[Site "Edmonton"]
[Date "2005.07.12"]
[Round "5"]
[White "MacKinnon, Keith"]
[Black "Longson, Stan"]
[Result "1-0"]
[WhiteElo "1592"]
[BlackElo "1322"]
[PlyCount "30"]
[EventDate "2005.07.09"]
[EventType "swiss"]
[EventRounds "10"]
[EventCountry "CAN"]
[SourceTitle "CBM 107 Extra"]
[Source "ChessBase"]
[SourceDate "2005.09.01"]
[SourceVersion "1"]
[SourceVersionDate "2005.09.01"]
[SourceQuality "1"]

1. e4 e5 2. Nf3 d6 3. d4 Nc6 4. Bb5 Bd7 5. Nc3 Nf6 6. 0-0 g6 7. Bxc6 Bxc6 8. dxe5 Nxe4 9. Nxe4 Bxe4 10. Re1 d5 11. Bf4 Bg7 12. Ng5 Bf5 13. e6 Bxe6 14. Rxe6+ fxe6 15. Nxe6 Kf7 1-0